[Event "NED-ch 2001"]
[Site "Leeuwarden"]
[Date "2001.06.21"]
[Round "1"]
[White "Piket, Jeroen"]
[Black "Ernst, Sipke"]
[Result "1-0"]
[WhiteElo "2628"]
[BlackElo "2435"]
[PlyCount "52"]
[EventDate "2001.06.20"]
[Source "ChessBase"]
[SourceDate "2001.09.13"]

1. d4 Nf6 2. c4 g6 3. Nc3 d5 4. Nf3 Bg7 5. Qb3 dxc4 6. Qxc4 O-O 7. e4 Nc6 8.
Be3 Ng4 9. e5 Nxe3 10. fxe3 a5 11. a3 a4 12. Rd1 Ra5 13. h4 Bd7 14. h5 b5 15.
Nxb5 Qb8 16. hxg6 hxg6 17. Ng5 e6 18. Nh7 Re8 19. Nf6+ Bxf6 20. exf6 Ne7 21.
fxe7 Rxb5 22. d5 Qb6 23. Qc3 e5 24. Bxb5 Bxb5 25. Qxe5 f6 26. Qg3 Kg7 1-0

[Event "NED-ch 2001"]
[Site "Leeuwarden"]
[Date "2001.06.21"]
[Round "1"]
[White "Tiviakov, Sergei"]
[Black "Van der Weide, Karel"]
[Result "1/2-1/2"]
[WhiteElo "2603"]
[BlackElo "2455"]
[PlyCount "139"]
[EventDate "2001.06.20"]
[Source "ChessBase"]
[SourceDate "2001.09.13"]

1. e4 c5 2. Nc3 Nc6 3. Bb5 Nd4 4. Ba4 Qa5 5. Nf3 b5 6. Nxd4 bxa4 7. Nde2 Bb7 8.
O-O e6 9. d3 Nf6 10. Bg5 Be7 11. Qd2 Qa6 12. e5 Qc6 13. f3 Ng8 14. Bxe7 Nxe7
15. Ne4 O-O 16. Qc3 Rac8 17. Nd6 Rc7 18. Qa5 Ba6 19. Nc3 Ng6 20. f4 f6 21. Qxa4
Qxa4 22. Nxa4 fxe5 23. fxe5 Nxe5 24. b3 Nf7 25. Ne4 d6 26. c4 Rd8 27. Rae1 Bb7
28. Nec3 Re7 29. a3 a5 30. Nb5 Bc6 31. Nac3 e5 32. d4 Bxb5 33. Nxb5 cxd4 34.
Nxd4 Rb7 35. Nc6 Ra8 36. b4 axb4 37. axb4 Nd8 38. Nxd8 Rxd8 39. b5 Rc8 40. Re4
Rb6 41. Rf3 Re8 42. Rd3 Kf7 43. Kf2 Re7 44. Rh4 h6 45. Ke2 Ra7 46. Rg4 Ra2+ 47.
Kf3 Ra7 48. Ke3 Rc7 49. Rd2 Rc5 50. Rf2+ Kg8 51. Re4 Rc7 52. Rd2 Kf7 53. h4 h5
54. g4 hxg4 55. Rxg4 Kg8 56. Rd5 Rf7 57. Rg6 Rf4 58. Kd3 Rf3+ 59. Kc2 Rf6 60.
Rg4 Kf7 61. Kb3 Rb7 62. Kb4 Ke6 63. Ka5 Ra7+ 64. Kb6 Ra4 65. Kc6 Kf5 66. Rg5+
Kf4 67. c5 dxc5+ 68. Kxc5 e4 69. Rxg7 e3 70. Re7 1/2-1/2

[Event "NED-ch 2001"]
[Site "Leeuwarden"]
[Date "2001.06.21"]
[Round "1"]
[White "Van Wely, Loek"]
[Black "Nijboer, Friso"]
[Result "1/2-1/2"]
[WhiteElo "2670"]
[BlackElo "2580"]
[PlyCount "75"]
[EventDate "2001.06.20"]
[Source "ChessBase"]
[SourceDate "2001.09.13"]

1. d4 Nf6 2. c4 g6 3. Nc3 Bg7 4. e4 d6 5. Nf3 O-O 6. Be2 e5 7. O-O Nc6 8. d5
Ne7 9. b4 Nh5 10. Re1 f5 11. Ng5 Nf6 12. f3 c6 13. Be3 Bh6 14. h4 cxd5 15. cxd5
Bd7 16. Qd2 f4 17. Bf2 Bxg5 18. hxg5 Nh5 19. Rec1 a6 20. b5 Nc8 21. bxa6 bxa6
22. Rab1 Qxg5 23. Rb7 Rf7 24. Bf1 Qd8 25. Qe1 g5 26. Nd1 Nf6 27. Rcc7 Rb8 28.
Bxa6 Rxb7 29. Rxb7 g4 30. fxg4 Bxg4 31. Rxf7 Kxf7 32. Nb2 Qc7 33. Nc4 Qb8 34.
a4 Qb3 35. a5 Qc2 36. Bxc8 Qxc4 37. Bb7 Bc8 38. Bxc8 1/2-1/2

[Event "NED-ch 2001"]
[Site "Leeuwarden"]
[Date "2001.06.21"]
[Round "1"]
[White "Van den Doel, Erik"]
[Black "Van der Sterren, Paul"]
[Result "1-0"]
[WhiteElo "2574"]
[BlackElo "2576"]
[PlyCount "77"]
[EventDate "2001.06.20"]
[Source "ChessBase"]
[SourceDate "2001.09.13"]

1. e4 e5 2. Nf3 Nc6 3. Bb5 a6 4. Ba4 Nf6 5. O-O Be7 6. Re1 b5 7. Bb3 d6 8. c3
O-O 9. h3 Nb8 10. d4 Nbd7 11. Nbd2 Bb7 12. Bc2 Re8 13. Nf1 Bf8 14. Ng3 g6 15.
b3 c5 16. d5 Nb6 17. Bd3 c4 18. bxc4 bxc4 19. Bc2 Nfd7 20. Rb1 Nc5 21. Be3 Qc7
22. Qc1 a5 23. Qa3 Nbd7 24. Rb5 Ba6 25. Rxa5 Be7 26. Nd2 Reb8 27. Nxc4 Qc8 28.
Bxc5 Nxc5 29. Rxc5 dxc5 30. Nxe5 Qc7 31. Nc6 Bb7 32. Nxe7+ Qxe7 33. Qc1 Rxa2
34. Bb3 Raa8 35. e5 c4 36. Bxc4 Qc5 37. Ne4 Qxc4 38. Qh6 Ra6 39. Nf6+ 1-0

[Event "NED-ch 2001"]
[Site "Leeuwarden"]
[Date "2001.06.21"]
[Round "1"]
[White "Van der Werf, Mark"]
[Black "Van der Wiel, John"]
[Result "1/2-1/2"]
[WhiteElo "2450"]
[BlackElo "2493"]
[PlyCount "35"]
[EventDate "2001.06.20"]
[Source "ChessBase"]
[SourceDate "2001.09.13"]

1. c4 c5 2. Nf3 Nf6 3. Nc3 Nc6 4. g3 d5 5. d4 cxd4 6. Nxd4 dxc4 7. Nxc6 Qxd1+
8. Nxd1 bxc6 9. Bg2 Nd5 10. Ne3 e6 11. Nxc4 Ba6 12. b3 Bb4+ 13. Bd2 Bxc4 14.
bxc4 Bxd2+ 15. Kxd2 Ne7 16. Rab1 O-O-O+ 17. Kc3 Kc7 18. Rb3 1/2-1/2

[Event "NED-ch 2001"]
[Site "Leeuwarden"]
[Date "2001.06.22"]
[Round "2"]
[White "Ernst, Sipke"]
[Black "Nijboer, Friso"]
[Result "0-1"]
[WhiteElo "2435"]
[BlackElo "2580"]
[PlyCount "64"]
[EventDate "2001.06.20"]
[Source "ChessBase"]
[SourceDate "2001.09.13"]

1. d4 Nf6 2. c4 g6 3. Nc3 Bg7 4. e4 d6 5. f4 c5 6. d5 O-O 7. Nf3 e6 8. Be2 exd5
9. cxd5 Bg4 10. O-O Nbd7 11. Re1 Re8 12. h3 Bxf3 13. Bxf3 a6 14. a4 Qa5 15. Be3
Nb6 16. Bf2 Nfd7 17. Qc2 c4 18. Kh1 Nc5 19. Bxc5 Qxc5 20. e5 dxe5 21. f5 Nd7
22. Ne4 Qb4 23. Bg4 Nc5 24. Rf1 Nxe4 25. Qxe4 Rad8 26. b3 Qxb3 27. Rf3 c3 28.
f6 Qxd5 29. Qxd5 Rxd5 30. fxg7 h5 31. Raf1 hxg4 32. Rxf7 Rd1 0-1

[Event "NED-ch 2001"]
[Site "Leeuwarden"]
[Date "2001.06.22"]
[Round "2"]
[White "Piket, Jeroen"]
[Black "Tiviakov, Sergei"]
[Result "1-0"]
[WhiteElo "2628"]
[BlackElo "2603"]
[PlyCount "119"]
[EventDate "2001.06.20"]
[Source "ChessBase"]
[SourceDate "2001.09.13"]

1. c4 e5 2. Nc3 Nf6 3. Nf3 Nc6 4. g3 d5 5. cxd5 Nxd5 6. Bg2 Nb6 7. O-O Be7 8.
Rb1 O-O 9. b4 a6 10. a3 Be6 11. d3 f6 12. Ne4 Nd7 13. Qc2 Bd5 14. Nc3 Bf7 15.
Na4 Kh8 16. Rd1 f5 17. d4 e4 18. d5 Nxb4 19. axb4 exf3 20. Bxf3 Ne5 21. Bg2 b6
22. d6 cxd6 23. Bxa8 Qxa8 24. Qc7 Bh5 25. Bf4 Re8 26. Bxe5 dxe5 27. Nxb6 Qe4
28. Nc4 Qxe2 29. Re1 Qa2 30. Nxe5 Bf6 31. Qc4 Qxc4 32. Nxc4 Rd8 33. Ne5 h6 34.
Kg2 Kh7 35. Rbc1 Be8 36. h4 Bb5 37. Rc7 Rd4 38. h5 Be8 39. Ng4 fxg4 40. Rxe8
Rd5 41. Re6 Bb2 42. Rxa6 Rxh5 43. Rc4 Rg5 44. Ra5 Rg6 45. b5 Rg5 46. Rc2 Bf6
47. Rc1 Rf5 48. Rb1 Bd4 49. Ra2 Bb6 50. Rbb2 h5 51. Ra6 Bd4 52. Rd2 Bc3 53. Rc2
Bf6 54. Rb6 Kg6 55. Rb8 Kg5 56. Rc4 Rd5 57. Rb4 Be7 58. Rb2 Bf6 59. Rb3 Be5 60.
Re8 {Der weisse b-Bauer entscheidet die Partie - Schwarz gab auf.} 1-0

[Event "NED-ch 2001"]
[Site "Leeuwarden"]
[Date "2001.06.22"]
[Round "2"]
[White "Van der Sterren, Paul"]
[Black "Van Wely, Loek"]
[Result "1/2-1/2"]
[WhiteElo "2576"]
[BlackElo "2670"]
[PlyCount "42"]
[EventDate "2001.06.20"]
[Source "ChessBase"]
[SourceDate "2001.09.13"]

1. Nf3 Nf6 2. c4 c5 3. Nc3 e6 4. g3 b6 5. Bg2 Bb7 6. O-O Be7 7. d4 cxd4 8. Qxd4
O-O 9. Rd1 d6 10. Bg5 Nc6 11. Qd3 Qb8 12. Rac1 Rd8 13. e3 h6 14. Bxf6 Bxf6 15.
Nd4 Bxd4 16. exd4 d5 17. cxd5 Nb4 18. Qc4 Nxd5 19. Nxd5 Bxd5 20. Qc7 a5 21. Rd3
Bxg2 1/2-1/2

[Event "NED-ch 2001"]
[Site "Leeuwarden"]
[Date "2001.06.22"]
[Round "2"]
[White "Van der Weide, Karel"]
[Black "Van der Werf, Mark"]
[Result "1-0"]
[WhiteElo "2455"]
[BlackElo "2450"]
[PlyCount "71"]
[EventDate "2001.06.20"]
[Source "ChessBase"]
[SourceDate "2001.09.13"]

1. e4 c5 2. Nc3 e6 3. g3 d5 4. d3 Nf6 5. Bg2 dxe4 6. dxe4 Qxd1+ 7. Nxd1 Nc6 8.
Ne3 Be7 9. b3 O-O 10. Bb2 Nd7 11. f4 b5 12. Ne2 Bb7 13. O-O-O Nb6 14. e5 b4 15.
f5 c4 16. Nxc4 Nxc4 17. bxc4 Rad8 18. f6 gxf6 19. exf6 Bd6 20. Rd3 Bc5 21. Rhd1
Rb8 22. Rd7 Ba8 23. Nf4 Rfe8 24. Rc7 Be3+ 25. Kb1 Bxf4 26. gxf4 Nd8 27. Bxa8
Rxa8 28. Be5 Kh8 29. Rdd7 a5 30. Kb2 Rg8 31. Ra7 Rc8 32. Rdc7 Rxc7 33. Rxc7 h6
34. c5 Kh7 35. c6 Rg2 36. Rc8 1-0

[Event "NED-ch 2001"]
[Site "Leeuwarden"]
[Date "2001.06.22"]
[Round "2"]
[White "Van der Wiel, John"]
[Black "Van den Doel, Erik"]
[Result "0-1"]
[WhiteElo "2493"]
[BlackElo "2574"]
[PlyCount "86"]
[EventDate "2001.06.20"]
[Source "ChessBase"]
[SourceDate "2001.09.13"]

1. e4 e5 2. Nf3 Nc6 3. Bb5 Nf6 4. O-O Nxe4 5. d4 Nd6 6. Bxc6 dxc6 7. dxe5 Nf5
8. Qxd8+ Kxd8 9. Nbd2 h6 10. b3 a5 11. a4 Be6 12. Ba3 Bxa3 13. Rxa3 Kc8 14. Rd1
Rd8 15. Raa1 b5 16. Kf1 Kb7 17. Ne4 Kb6 18. Ke1 Bd5 19. Ned2 b4 20. Ke2 Re8 21.
Kf1 Rad8 22. Rac1 c5 23. h3 g5 24. Re1 Nd4 25. Nxd4 cxd4 26. Rcd1 Re6 27. Ne4
Bxe4 28. Rxe4 c5 29. Rd3 f5 30. Re2 c4 31. bxc4 Kc5 32. Rf3 f4 33. g3 fxg3 34.
fxg3 Kxc4 35. Re4 Rd5 36. Rd3 Rexe5 37. Rdxd4+ Kc3 38. Rc4+ Kb2 39. Rxe5 Rxe5
40. Kf2 Ka3 41. Rc6 Kxa4 42. g4 Ka3 43. Rxh6 Rc5 0-1

[Event "NED-ch 2001"]
[Site "Leeuwarden"]
[Date "2001.06.23"]
[Round "3"]
[White "Nijboer, Friso"]
[Black "Van der Sterren, Paul"]
[Result "1/2-1/2"]
[WhiteElo "2580"]
[BlackElo "2576"]
[PlyCount "81"]
[EventDate "2001.06.20"]
[Source "ChessBase"]
[SourceDate "2001.09.13"]

1. e4 e6 2. d4 d5 3. Nc3 Bb4 4. e5 c5 5. a3 Bxc3+ 6. bxc3 Qc7 7. Qg4 f5 8. Qh5+
g6 9. Qd1 b6 10. Nf3 Ba6 11. Bxa6 Nxa6 12. O-O h6 13. c4 Qc6 14. cxd5 Qxd5 15.
c4 Qxc4 16. Be3 Ne7 17. Rc1 Qb5 18. dxc5 Nxc5 19. Bxc5 bxc5 20. Qd6 Qb6 21. Rb1
Qxd6 22. exd6 Nc6 23. Rb7 Rd8 24. Rd1 Rd7 25. Rb5 Nd4 26. Rb8+ Rd8 27. Rxd8+
Kxd8 28. Ne5 Kc8 29. d7+ Kc7 30. Nf7 Rf8 31. d8=Q+ Rxd8 32. Nxd8 Kxd8 33. Kf1
Kc7 34. Rd3 f4 35. Ke1 Kd6 36. Rd2 Kd5 37. Rb2 c4 38. Kd2 Nb3+ 39. Kc3 a5 40.
Rb1 e5 41. Rd1+ 1/2-1/2

[Event "NED-ch 2001"]
[Site "Leeuwarden"]
[Date "2001.06.23"]
[Round "3"]
[White "Tiviakov, Sergei"]
[Black "Ernst, Sipke"]
[Result "1/2-1/2"]
[WhiteElo "2603"]
[BlackElo "2435"]
[PlyCount "32"]
[EventDate "2001.06.20"]
[Source "ChessBase"]
[SourceDate "2001.09.13"]

1. e4 e5 2. Nf3 Nc6 3. Bb5 a6 4. Ba4 Nf6 5. Qe2 b5 6. Bb3 Bc5 7. c3 O-O 8. d3
d5 9. O-O dxe4 10. dxe4 Qe7 11. Bg5 Nd8 12. Bh4 Ne6 13. Bg3 Nh5 14. Bxe6 Nxg3
15. hxg3 Qxe6 16. Nbd2 Rb8 1/2-1/2

[Event "NED-ch 2001"]
[Site "Leeuwarden"]
[Date "2001.06.23"]
[Round "3"]
[White "Van Wely, Loek"]
[Black "Van der Wiel, John"]
[Result "1-0"]
[WhiteElo "2670"]
[BlackElo "2493"]
[PlyCount "113"]
[EventDate "2001.06.20"]
[Source "ChessBase"]
[SourceDate "2001.09.13"]

1. d4 Nf6 2. c4 e6 3. Nf3 b6 4. g3 Bb7 5. Bg2 Be7 6. O-O O-O 7. Re1 Na6 8. Ne5
Bxg2 9. Kxg2 Qb8 10. e4 c5 11. Bf4 Bd6 12. Nc3 cxd4 13. Qxd4 Bc5 14. Qd1 Qb7
15. a3 Rfc8 16. g4 d6 17. Nd3 d5 18. exd5 Bd4 19. g5 exd5 20. Qf3 Bxc3 21. bxc3
Ne4 22. Ne5 Nac5 23. cxd5 Qxd5 24. Rad1 Qb7 25. Rd4 Nxc3 26. Qxb7 Nxb7 27. Nxf7
Re8 28. Ne5 Nc5 29. Rc4 Nb5 30. a4 Nd6 31. Rb4 Nf7 32. Re3 Nxe5 33. Bxe5 Rxe5
34. Rxe5 Nd3 35. Rbe4 Nxe5 36. Rxe5 Kf7 37. a5 bxa5 38. Rxa5 Ke6 39. h4 a6 40.
h5 Ra7 41. Kg3 Kd6 42. f4 g6 43. Kg4 Kc6 44. f5 gxf5+ 45. Kxf5 Kb6 46. Re5 a5
47. g6 hxg6+ 48. hxg6 a4 49. Kf6 a3 50. g7 Ra8 51. Rh5 Rc8 52. Rh3 a2 53. Ra3
Rc6+ 54. Kf5 Rc5+ 55. Kg6 Ra5 56. Rxa5 Kxa5 57. g8=Q 1-0

[Event "NED-ch 2001"]
[Site "Leeuwarden"]
[Date "2001.06.23"]
[Round "3"]
[White "Van den Doel, Erik"]
[Black "Van der Weide, Karel"]
[Result "1/2-1/2"]
[WhiteElo "2574"]
[BlackElo "2455"]
[PlyCount "56"]
[EventDate "2001.06.20"]
[Source "ChessBase"]
[SourceDate "2001.09.13"]

1. e4 c5 2. Nf3 Nc6 3. d4 cxd4 4. Nxd4 g6 5. Nc3 Bg7 6. Be3 Nf6 7. Bc4 O-O 8.
Bb3 d6 9. f3 Qa5 10. Qd2 Nxd4 11. Bxd4 Be6 12. O-O-O Rfc8 13. Kb1 b5 14. h4
Bxb3 15. cxb3 b4 16. Ne2 e5 17. Be3 Rc6 18. a3 Qb5 19. a4 Qb7 20. h5 Rac8 21.
g4 Rc2 22. Qxc2 Rxc2 23. Kxc2 Nxe4 24. fxe4 Qxe4+ 25. Kd2 Qd5+ 26. Kc2 Qe4+ 27.
Kd2 Qd5+ 28. Kc2 Qe4+ 1/2-1/2

[Event "NED-ch 2001"]
[Site "Leeuwarden"]
[Date "2001.06.23"]
[Round "3"]
[White "Van der Werf, Mark"]
[Black "Piket, Jeroen"]
[Result "1/2-1/2"]
[WhiteElo "2450"]
[BlackElo "2628"]
[PlyCount "30"]
[EventDate "2001.06.20"]
[Source "ChessBase"]
[SourceDate "2001.09.13"]

1. d4 Nf6 2. c4 g6 3. Nc3 Bg7 4. e4 d6 5. Bd3 O-O 6. Nge2 Nbd7 7. Bc2 c6 8. O-O
a6 9. a4 e5 10. d5 cxd5 11. cxd5 a5 12. Nb5 Nc5 13. Nec3 Nh5 14. Be3 b6 15. Na2
Nf4 1/2-1/2

[Event "NED-ch 2001"]
[Site "Leeuwarden"]
[Date "2001.06.24"]
[Round "4"]
[White "Ernst, Sipke"]
[Black "Van der Sterren, Paul"]
[Result "1-0"]
[WhiteElo "2435"]
[BlackElo "2576"]
[PlyCount "83"]
[EventDate "2001.06.20"]
[Source "ChessBase"]
[SourceDate "2001.09.13"]

1. d4 d5 2. c4 dxc4 3. Nf3 Nf6 4. e3 Bg4 5. Bxc4 e6 6. Nc3 a6 7. h3 Bh5 8. g4
Bg6 9. Ne5 Nbd7 10. Nxg6 hxg6 11. g5 Nd5 12. Nxd5 exd5 13. Bxd5 c6 14. Bc4 Qxg5
15. Qb3 Qf6 16. Bd2 Qf3 17. Rg1 Rxh3 18. Be2 Qd5 19. Bc4 Qf3 20. Be2 Qd5 21.
Qxb7 Rb8 22. Qxa6 Rxb2 23. Bc3 Rb8 24. Qc4 Nb6 25. Qxd5 Nxd5 26. Bd2 Ba3 27.
Bc4 Ke7 28. Bb3 f5 29. Ke2 Kf6 30. Rab1 Rhh8 31. Ba4 c5 32. dxc5 Bxc5 33. Bb3
Rhd8 34. Rbc1 Rbc8 35. e4 fxe4 36. Bg5+ Kf5 37. Bxd8 Nf4+ 38. Kf1 Nd3 39. Rg5+
Kf4 40. Rgxc5 Rxc5 41. Rxc5 Nxc5 42. Bb6 1-0

[Event "NED-ch 2001"]
[Site "Leeuwarden"]
[Date "2001.06.24"]
[Round "4"]
[White "Piket, Jeroen"]
[Black "Van den Doel, Erik"]
[Result "0-1"]
[WhiteElo "2628"]
[BlackElo "2574"]
[PlyCount "122"]
[EventDate "2001.06.20"]
[Source "ChessBase"]
[SourceDate "2001.09.13"]

1. d4 d5 2. c4 dxc4 3. Nf3 c5 4. e3 e6 5. Bxc4 a6 6. O-O Nf6 7. a4 Nc6 8. Qe2
cxd4 9. Rd1 Be7 10. exd4 O-O 11. Nc3 Nd5 12. Bd3 Ncb4 13. Bb1 b6 14. Ne5 Bb7
15. Ra3 Rc8 16. Nxd5 Qxd5 17. Bxh7+ Kxh7 18. Qh5+ Kg8 19. Rg3 Rxc1 20. Rxc1 Bf6
21. Ng4 Qg5 22. Rc7 Be4 23. h4 Qxh4 24. Nxf6+ Qxf6 25. Rh3 g5 26. Rg3 Bg6 27.
Qxg5 Qxg5 28. Rxg5 Rd8 29. a5 b5 30. Rg4 Kg7 31. d5 Nxd5 32. Rc6 Nf6 33. Rg3
Ra8 34. Rgc3 b4 35. R3c4 Nd5 36. Rd4 Kf8 37. g4 Ke7 38. f4 Kd7 39. Rcc4 Rb8 40.
f5 Bh7 41. Rd2 f6 42. fxe6+ Kxe6 43. Rc6+ Ke5 44. Re2+ Kd4 45. Rd2+ Bd3 46. Rd6
Rg8 47. Rxd5+ Kxd5 48. Rxd3+ Kc4 49. Rg3 f5 50. g5 f4 51. Rg2 Kb3 52. g6 Ka2
53. Kf2 Kxb2 54. Kf3+ Ka3 55. Kxf4 b3 56. Kf5 b2 57. Rg1 Ka2 58. Kf6 b1=Q 59.
Rxb1 Kxb1 60. g7 Kb2 61. Kf7 Ra8 0-1

[Event "NED-ch 2001"]
[Site "Leeuwarden"]
[Date "2001.06.24"]
[Round "4"]
[White "Tiviakov, Sergei"]
[Black "Van der Werf, Mark"]
[Result "1-0"]
[WhiteElo "2603"]
[BlackElo "2450"]
[PlyCount "103"]
[EventDate "2001.06.20"]
[Source "ChessBase"]
[SourceDate "2001.09.13"]

1. e4 Nf6 2. e5 Nd5 3. d4 d6 4. Nf3 dxe5 5. Nxe5 c6 6. Nd2 Nd7 7. Ndf3 Nxe5 8.
Nxe5 g6 9. Qf3 Be6 10. c3 Bg7 11. Be2 a5 12. O-O O-O 13. Nd3 a4 14. a3 Bf5 15.
Re1 Bxd3 16. Bxd3 e6 17. g3 Qb6 18. h4 h5 19. Kg2 Rfe8 20. Re2 Ne7 21. Bg5 Nf5
22. Rae1 Ra5 23. g4 hxg4 24. Qxg4 Qc7 25. Rg1 Qd7 26. Bc2 Rea8 27. Kf1 c5 28.
dxc5 Rxc5 29. h5 gxh5 30. Qf3 Kf8 31. Bd2 Rd5 32. Be1 Rc8 33. Qg2 Bf6 34. Bxa4
b5 35. Bc2 Rc4 36. Qf3 Rg4 37. Rxg4 hxg4 38. Qxg4 Qc7 39. Be4 Rc5 40. Bd2 Qh2
41. Bf4 Qh8 42. Rd2 Ke7 43. Bxf5 Rxf5 44. Bd6+ Ke8 45. Qg2 Rd5 46. Rxd5 exd5
47. Qxd5 Qh3+ 48. Ke1 Qe6+ 49. Qxe6+ fxe6 50. Ke2 Kd7 51. Bf8 Kc6 52. Kd3 1-0

[Event "NED-ch 2001"]
[Site "Leeuwarden"]
[Date "2001.06.24"]
[Round "4"]
[White "Van der Wiel, John"]
[Black "Nijboer, Friso"]
[Result "1/2-1/2"]
[WhiteElo "2493"]
[BlackElo "2580"]
[PlyCount "86"]
[EventDate "2001.06.20"]
[Source "ChessBase"]
[SourceDate "2001.09.13"]

1. e4 c5 2. Nf3 Nc6 3. d4 cxd4 4. Nxd4 Nf6 5. Nc3 d6 6. Be2 e5 7. Nf3 h6 8. O-O
Be7 9. Re1 O-O 10. h3 Be6 11. Bf1 Nb8 12. a4 a6 13. a5 Nbd7 14. Nd5 Nxd5 15.
exd5 Bf5 16. c4 Bh7 17. b4 Rc8 18. Bb2 e4 19. Nd2 f5 20. Nb3 Bf6 21. Nd4 Qe7
22. Qb3 Kh8 23. Rac1 Rfe8 24. Ne6 Bxb2 25. Qxb2 Bg8 26. Nf4 Qf6 27. Qxf6 Nxf6
28. Ne2 g6 29. Nd4 Kg7 30. Rb1 Nd7 31. b5 Ne5 32. bxa6 bxa6 33. Rb6 Nxc4 34.
Rxa6 Bxd5 35. Nb5 Rc5 36. Ra7+ Kf6 37. Bxc4 Bxc4 38. Nxd6 Re6 39. Nxc4 Rxc4 40.
Ra1 Rc2 41. a6 e3 42. fxe3 Rxe3 43. Ra8 Ree2 1/2-1/2

[Event "NED-ch 2001"]
[Site "Leeuwarden"]
[Date "2001.06.26"]
[Round "5"]
[White "Nijboer, Friso"]
[Black "Van der Weide, Karel"]
[Result "1/2-1/2"]
[WhiteElo "2580"]
[BlackElo "2455"]
[PlyCount "106"]
[EventDate "2001.06.20"]
[Source "ChessBase"]
[SourceDate "2001.09.13"]

1. e4 c5 2. Nf3 Nc6 3. d4 cxd4 4. Nxd4 Nf6 5. Nc3 d6 6. Bg5 e6 7. Qd2 Be7 8.
O-O-O O-O 9. Nb3 Qb6 10. f3 Rd8 11. Nb5 Rd7 12. Qe1 a6 13. N5d4 Qc7 14. g4 Ne5
15. Kb1 Rd8 16. Bc1 Nfd7 17. f4 Nc4 18. g5 b5 19. h4 Nc5 20. Bd3 Bb7 21. g6 Bf6
22. gxf7+ Qxf7 23. Nxc5 dxc5 24. Nf3 Nxb2 25. Bxb2 Bxb2 26. Kxb2 Qxf4 27. Ng5
c4 28. Qc3 Rd6 29. Rhg1 b4 30. Qxg7+ Kxg7 31. Nxe6+ Kh6 32. Nxf4 cxd3 33. cxd3
Rf8 34. Nh3 Kh5 35. Rg7 Bxe4 36. Ng5 Rxd3 37. Rxd3 Bxd3 38. Nxh7 Rf2+ 39. Kb3
Kh6 40. Ra7 Bxh7 41. Rxa6+ Bg6 42. Kxb4 Rf4+ 43. Kc5 Rxh4 44. a4 Kg5 45. Ra8
Kf4 46. a5 Be4 47. Rf8+ Ke3 48. a6 Rh5+ 49. Kb4 Rh6 50. a7 Ra6 51. Rf7 Kd4 52.
Rd7+ Bd5 53. Kb5 Ra1 1/2-1/2

[Event "NED-ch 2001"]
[Site "Leeuwarden"]
[Date "2001.06.26"]
[Round "5"]
[White "Van Wely, Loek"]
[Black "Piket, Jeroen"]
[Result "1/2-1/2"]
[WhiteElo "2670"]
[BlackElo "2628"]
[PlyCount "78"]
[EventDate "2001.06.20"]
[Source "ChessBase"]
[SourceDate "2001.09.13"]

1. d4 d5 2. c4 dxc4 3. e4 e5 4. Nf3 exd4 5. Bxc4 Bb4+ 6. Nbd2 Nc6 7. O-O Qf6 8.
e5 Qg6 9. Nh4 Qg4 10. Ndf3 Be6 11. h3 Qe4 12. Bxe6 fxe6 13. Qb3 Nge7 14. Qxe6
h6 15. a3 Ba5 16. b4 Bb6 17. Re1 Qh7 18. Nd2 d3 19. Bb2 Bd4 20. b5 Nd8 21. Qb3
Bxb2 22. Qxb2 Ne6 23. Rac1 Nd5 24. Ne4 O-O-O 25. Nd6+ Kb8 26. Nf7 Ndf4 27. Qd2
g5 28. Nxd8 Rxd8 29. Nf3 Qf5 30. Re3 g4 31. hxg4 Qxg4 32. g3 Ne2+ 33. Rxe2 dxe2
34. Qxe2 Ng5 35. Rc3 Rf8 36. Kg2 Qh3+ 37. Kg1 Qg4 38. Kg2 Qh3+ 39. Kg1 Qg4
1/2-1/2

[Event "NED-ch 2001"]
[Site "Leeuwarden"]
[Date "2001.06.26"]
[Round "5"]
[White "Van den Doel, Erik"]
[Black "Tiviakov, Sergei"]
[Result "0-1"]
[WhiteElo "2574"]
[BlackElo "2603"]
[PlyCount "132"]
[EventDate "2001.06.20"]
[Source "ChessBase"]
[SourceDate "2001.09.13"]

1. e4 c5 2. Nf3 Nc6 3. d4 cxd4 4. Nxd4 g6 5. Nc3 Bg7 6. Be3 Nf6 7. Bc4 O-O 8.
Bb3 a5 9. O-O d6 10. f3 Nxd4 11. Bxd4 Bd7 12. a4 Bc6 13. Kh1 Nd7 14. Bxg7 Kxg7
15. f4 Qb6 16. Qd2 Qb4 17. Qe3 Nc5 18. Nd5 Qxe4 19. Qxe4 Nxe4 20. Rfe1 Nc5 21.
Nc7 Nxb3 22. cxb3 Kf6 23. Nxa8 Rxa8 24. Rad1 Ra6 25. Re3 Rb6 26. Rd4 e6 27. Kg1
Bd5 28. Rdd3 Kf5 29. g3 h5 30. Kf2 h4 31. Rc3 f6 32. Red3 Be4 33. Re3 hxg3+ 34.
Kxg3 Bd5 35. Rc8 Bxb3 36. Ra8 Bd5 37. b3 Rc6 38. Rxa5 Rc1 39. Rb5 Rg1+ 40. Kf2
Rg2+ 41. Ke1 Rxh2 42. a5 Kxf4 43. Re2 Rh3 44. Rf2+ Ke5 45. Re2+ Kd4 46. b4 Rh1+
47. Kd2 Kc4 48. Rb6 f5 49. Ke3 Rh4 50. Rc2+ Kb3 51. Rc1 f4+ 52. Kd3 Rh3+ 53.
Kd2 Bc4 54. Rb1+ Ka2 55. Rc1 Rd3+ 56. Kc2 e5 57. b5 e4 58. Rb1 Rh3 59. a6 Bd3+
60. Kd2 Bxb1 61. axb7 e3+ 62. Ke2 Rh2+ 63. Kf3 Rf2+ 64. Kg4 e2 65. b8=Q e1=Q
66. Ra6+ Kb2 0-1

[Event "NED-ch 2001"]
[Site "Leeuwarden"]
[Date "2001.06.26"]
[Round "5"]
[White "Van der Sterren, Paul"]
[Black "Van der Wiel, John"]
[Result "0-1"]
[WhiteElo "2576"]
[BlackElo "2493"]
[PlyCount "114"]
[EventDate "2001.06.20"]
[Source "ChessBase"]
[SourceDate "2001.09.13"]

1. d4 Nf6 2. c4 c6 3. Nc3 d5 4. Nf3 e6 5. Bg5 h6 6. Bxf6 Qxf6 7. e3 Nd7 8. a3
g6 9. cxd5 exd5 10. Bd3 Bg7 11. O-O O-O 12. Qc2 Qd6 13. b4 Nb6 14. Nd2 Bd7 15.
a4 Rae8 16. a5 Nc8 17. Na4 a6 18. Nc5 Qc7 19. Ndb3 Nd6 20. Rfe1 Bf5 21. f3 Bxd3
22. Qxd3 f5 23. Re2 Kh7 24. Rae1 Rf7 25. h3 Rfe7 26. e4 fxe4 27. fxe4 dxe4 28.
Nxe4 Nxe4 29. Rxe4 Rxe4 30. Rxe4 Rxe4 31. Qxe4 Qd6 32. Kf1 Qxb4 33. Qd3 h5 34.
Ke2 Bf6 35. g4 hxg4 36. hxg4 Qd6 37. Qe4 Qh2+ 38. Kd3 Qa2 39. Qe6 Kh6 40. Kc3
Qf2 41. Qd7 Qe3+ 42. Kc4 Qe2+ 43. Kc3 Bh4 44. Nc5 Be1+ 45. Kb3 Qd1+ 46. Kb2
Qd2+ 47. Kb1 Qb4+ 48. Kc2 Qc3+ 49. Kb1 Qb4+ 50. Kc2 Qc3+ 51. Kb1 Bd2 52. Qd6
Qc1+ 53. Ka2 Qc2+ 54. Ka3 Bc1+ 55. Kb4 Qb2+ 56. Kc4 Qb5+ 57. Kc3 Qxa5+ 0-1

[Event "NED-ch 2001"]
[Site "Leeuwarden"]
[Date "2001.06.26"]
[Round "5"]
[White "Van der Werf, Mark"]
[Black "Ernst, Sipke"]
[Result "1/2-1/2"]
[WhiteElo "2450"]
[BlackElo "2435"]
[PlyCount "91"]
[EventDate "2001.06.20"]
[Source "ChessBase"]
[SourceDate "2001.09.13"]

1. Nf3 Nf6 2. c4 g6 3. Nc3 d5 4. cxd5 Nxd5 5. Qa4+ c6 6. Qd4 f6 7. e4 Nxc3 8.
Qxc3 Bg7 9. Bc4 e6 10. d4 Qe7 11. O-O O-O 12. a4 Nd7 13. a5 b5 14. Ba2 c5 15.
Qb3 Re8 16. Qxb5 Rb8 17. Qe2 Rb4 18. Bd2 Rxb2 19. Rfb1 Rxb1+ 20. Rxb1 cxd4 21.
Nxd4 Nf8 22. Be3 Qa3 23. Bc4 Qxa5 24. Nc6 Qc7 25. Nxa7 Bd7 26. Nb5 Qc6 27. Bd3
Rb8 28. Rc1 Qa8 29. Nd4 Qa4 30. f4 f5 31. e5 g5 32. fxg5 Bxe5 33. Nf3 Bg7 34.
Bc4 Rc8 35. Qa2 Qxa2 36. Bxa2 Rxc1+ 37. Bxc1 Kf7 38. h4 Ng6 39. h5 Ne5 40.
Nxe5+ Bxe5 41. Kf2 Bc6 42. g3 Be4 43. Bc4 Bc2 44. Bf4 Bd4+ 45. Be3 Be5 46. Bf4
1/2-1/2

[Event "NED-ch 2001"]
[Site "Leeuwarden"]
[Date "2001.06.27"]
[Round "6"]
[White "Ernst, Sipke"]
[Black "Van der Wiel, John"]
[Result "1/2-1/2"]
[WhiteElo "2435"]
[BlackElo "2493"]
[PlyCount "77"]
[EventDate "2001.06.20"]
[Source "ChessBase"]
[SourceDate "2001.09.13"]

1. d4 Nf6 2. c4 e6 3. Nc3 Bb4 4. f3 d5 5. a3 Be7 6. e4 dxe4 7. fxe4 e5 8. d5
Bc5 9. Nf3 Ng4 10. Na4 Bf2+ 11. Ke2 Bh4 12. g3 Be7 13. h3 Nf6 14. Qc2 O-O 15.
Kf2 Bd7 16. Nc3 Bc5+ 17. Kg2 Re8 18. b4 Bd4 19. Bd3 a5 20. Rb1 axb4 21. axb4 c5
22. Ne2 Ba4 23. Qd2 b5 24. Nexd4 bxc4 25. Nf5 cxd3 26. Qg5 g6 27. Nh6+ Kg7 28.
Qh4 Bc2 29. Rb2 c4 30. Ng5 Nbd7 31. Nhxf7 Qb6 32. Rf1 c3 33. Rxc2 dxc2 34. Ne6+
Rxe6 35. dxe6 Qxe6 36. Ng5 Qc4 37. g4 Ra6 38. Nxh7 Qxe4+ 39. Kh2 1/2-1/2